An Introduction to Fuzzy Linear Programming Problems Theory, Methods and Applications /

The book presents a snapshot of the state of the art in the field of fully fuzzy linear programming. The main focus is on showing current methods for finding the fuzzy optimal solution of fully fuzzy linear programming problems in which all the parameters and decision variables are represented by no...

Full description

Bibliographic Details
Main Authors: Kaur, Jagdeep (Author), Kumar, Amit (Author)
Corporate Author: SpringerLink (Online service)
Format: Electronic eBook
Language:English
Published: Cham : Springer International Publishing : Imprint: Springer, 2016.
Series:Studies in Fuzziness and Soft Computing, 340
Subjects:
Online Access:Full Text via HEAL-Link
LEADER 03363nam a22005415i 4500
001 978-3-319-31274-3
003 DE-He213
005 20160401124854.0
007 cr nn 008mamaa
008 160401s2016 gw | s |||| 0|eng d
020 |a 9783319312743  |9 978-3-319-31274-3 
024 7 |a 10.1007/978-3-319-31274-3  |2 doi 
040 |d GrThAP 
050 4 |a Q342 
072 7 |a UYQ  |2 bicssc 
072 7 |a COM004000  |2 bisacsh 
082 0 4 |a 006.3  |2 23 
100 1 |a Kaur, Jagdeep.  |e author. 
245 1 3 |a An Introduction to Fuzzy Linear Programming Problems  |h [electronic resource] :  |b Theory, Methods and Applications /  |c by Jagdeep Kaur, Amit Kumar. 
264 1 |a Cham :  |b Springer International Publishing :  |b Imprint: Springer,  |c 2016. 
300 |a XV, 119 p.  |b online resource. 
336 |a text  |b txt  |2 rdacontent 
337 |a computer  |b c  |2 rdamedia 
338 |a online resource  |b cr  |2 rdacarrier 
347 |a text file  |b PDF  |2 rda 
490 1 |a Studies in Fuzziness and Soft Computing,  |x 1434-9922 ;  |v 340 
505 0 |a State of the Art -- Non-Negative Fuzzy Optimal Solution of Fully Fuzzy Linear Programming Problems with Equality Constraints -- Fuzzy Optimal Solution of Fully Fuzzy Linear Programming Problems with Equality Constraints -- Fuzzy Optimal Solution of Fully Fuzzy Linear Programming Problems With Equality Constraints Having LR Flat Fuzzy Numbers -- Unique Fuzzy Optimal Value of Fully Fuzzy Linear Programming Problems With Equality Constraints Having LR Flat Fuzzy Numbers -- Future Scope. 
520 |a The book presents a snapshot of the state of the art in the field of fully fuzzy linear programming. The main focus is on showing current methods for finding the fuzzy optimal solution of fully fuzzy linear programming problems in which all the parameters and decision variables are represented by non-negative fuzzy numbers. It presents new methods developed by the authors, as well as existing methods developed by others, and their application to real-world problems, including fuzzy transportation problems. Moreover, it compares the outcomes of the different methods and discusses their advantages/disadvantages. As the first work to collect at one place the most important methods for solving fuzzy linear programming problems, the book represents a useful reference guide for students and researchers, providing them with the necessary theoretical and practical knowledge to deal with linear programming problems under uncertainty. 
650 0 |a Engineering. 
650 0 |a Artificial intelligence. 
650 0 |a Operations research. 
650 0 |a Management science. 
650 0 |a Computational intelligence. 
650 0 |a Engineering economics. 
650 0 |a Engineering economy. 
650 1 4 |a Engineering. 
650 2 4 |a Computational Intelligence. 
650 2 4 |a Operations Research, Management Science. 
650 2 4 |a Engineering Economics, Organization, Logistics, Marketing. 
650 2 4 |a Artificial Intelligence (incl. Robotics). 
700 1 |a Kumar, Amit.  |e author. 
710 2 |a SpringerLink (Online service) 
773 0 |t Springer eBooks 
776 0 8 |i Printed edition:  |z 9783319312736 
830 0 |a Studies in Fuzziness and Soft Computing,  |x 1434-9922 ;  |v 340 
856 4 0 |u http://dx.doi.org/10.1007/978-3-319-31274-3  |z Full Text via HEAL-Link 
912 |a ZDB-2-ENG 
950 |a Engineering (Springer-11647)